000 00852nam a2200277Ia 4500
003 GCL
008 140319s9999 xx 000 0 ara d
040 _aGCL /
_cGCL
082 0 4 _aق
_b962.065
_bا د
100 1 _aاحمد يوسف
245 1 0 _aالدور المصرى فى اليمن 1967-1962م /
_cاحمد يوسف
260 _a[S.N] :
_bالهيئة المصرية العامة للكتاب ،
_c1981
300 _a529 ص
490 _a
650 0 4 _aالعصر الحديث
650 0 4 _aمصر
650 0 4 _aتاريخ
650 0 4 _aاليمن
650 0 4 _aالاحوال السياسية
650 0 4 _aالتاريخ الحربى
650 0 4 _aالعلاقات الخارجية
650 0 4 _aالجيش المصرى
650 0 4 _aعبدالله السلال
650 0 4 _aجمال عبدالناصر
942 _2ddc
_cBK
999 _c28990
_d28990